• 首页
  • 本馆介绍
  • 公告通知
  • 最新文献
  • 馆藏检索
  • 电子资源
  • 读者导购
  • 参考咨询
  • 我的图书馆
  • 登录
  • 详细信息显示
  • 放入我的书架
  • 预约/预借图书
  • 作者相关作品
  • 分类相关作品
  • 丛书相关作品
  • 出版社相关作品

书目信息

  • 表格格式
  • 工作单格式
  • 卡片格式
题名:
房地产估价
    
 
作者: 叶剑平 编著
分册:  
出版信息: 北京   中国人民大学出版社  2002
页数: 239页
开本: 23cm
丛书名:
单 册:
中图分类: F293.35
科图分类:
主题词: 房地产--价格--评估--教材 , 房地产 , 价格
电子资源:
ISBN: 7-300-04026-8
000 00887nam0 2200277 450
000 00893nam0 2200277 450
000 00823nam0 2200253 450
000 00787nam0 2200241 45
005 20070610102920.89
010    @a7-300-04026-8@dCNY18.00
100    @a20070608d2002 em y0chiy0120 ea
101 0  @achi
102    @aCN@b110000
105    @ay z 000yy
200 1  @a房地产估价@AFang Di Chan Gu Jia@f叶剑平编著@FYe Jian Ping Bian Zhu
210    @a北京@c中国人民大学出版社@d2002
215    @a239页@d23cm
300    @a21世纪房地产系列教材
330    @a本书共分八章,主要介绍了房地产估价的理论基础、房地产估价方法与程序、房地产估价及实例、房地产估价信息系统等内容。
606 0  @a房地产@x价格@x评估@j教材
606 0  @a房地产
606 0  @a价格
690    @aF293.35@v4
701  0 @a叶剑平@AYe Jian Ping@4编著
801  0 @aCN@bTAOJIN@c20070610
905    @a10447@dF293.35@e576
    
    房地产估价/叶剑平编著.-北京:中国人民大学出版社,2002
    239页;23cm
    21世纪房地产系列教材
    
    ISBN 7-300-04026-8:CNY18.00
    本书共分八章,主要介绍了房地产估价的理论基础、房地产估价方法与程序、房地产估价及实例、房地产估价信息系统等内容。
●
相关链接 在E读中查询图书 在五车中查询图书 在当当中查询图书 在豆瓣中查询图书


正题名:房地产估价     索取号:F293.35/576         预约/预借

序号 登录号 条形码 馆藏地/架位号 状态 备注
1 0527750   205277500   第一样本阅览室/ [索取号:F293.35/576] 在馆    
2 0527751   205277519   第一借阅区/ [索取号:F293.35/576] 在馆    
3 0527752   205277528   第一借阅区/ [索取号:F293.35/576] 在馆    
4 0527753   205277537   密集书库/ [索取号:F293.35/576] 在馆    
5 0527754   205277546   密集书库/ [索取号:F293.35/576] 在馆    
6 0527755   205277555   第一借阅区/ [索取号:F293.35/576] 在馆    
7 0527756   205277564   第一借阅区/ [索取号:F293.35/576] 在馆    
8 0527757   205277573   密集书库/ [索取号:F293.35/576] 在馆    
唐山师范学院图书馆 欢迎您!
大连网信软件有限公司© 版权所有